000 00659nam a22001337a 4500
040 _cRUA
082 _aVEM MOE 2015 B525 Or.1
100 _aMOEUN KUNVOU; មឿន គុណវូ
245 _aSurvey on infectous diseases of cattle at khos thom district, kandal province; ការអង្កេតឆ្លងជំងឺសំខាន់ៗដែលជួបប្រទះលើគោនៅក្នុងស្រុកកោះធំ ខេត្តកណ្តាល
260 _aPhnom Penh
_bRUA
_c2015
300 _aviii; 43p;
_bill;
_c29cm;
856 _uSURVEY ON INFECTOUS DISEASE OF CATTLE AT KHOS THOM DISTRIC, KANDAL PROVINCE
942 _cVEM
999 _c10617
_d10617